000 00343nam a2200157Ia 4500
001 19176
003 IN-NITTTR
005 20251114233222.0
008 251113s9999||||xx |||||||||||||| ||eng||
040 _beng
040 _cIN-NITTTR
041 _aeng
082 _a004.1 R311 R
245 0 _aResilient computing systems. /
942 _2ddc
_cBK
999 _c21810
_d21810